00246nam a2200109Ia 4500008004100000100001900041245002300060260001900083650001000102942000700112999001700119190216s9999||||xx |||||||||||||| ||und|| aSreedar Mishra 0aHindi-Lok Kadhayem bAnil Prakashan aHindi cBK c15279d15279